| 000 | 01103cab a22002655a 4500 | ||
|---|---|---|---|
| 001 | L160006 | ||
| 008 | 150113e2016 xxk 000 0 eng d | ||
| 035 | _a(Sirsi) u160006 | ||
| 041 | 0 | _aeng | |
| 050 | _a346.420434 | ||
| 100 | 1 | _aSullivan, Christopher | |
| 245 | 0 | 0 |
_aDetermination gets you through _h[electronic resource] |
| 260 |
_aLondon _bRICS _c2016 |
||
| 490 |
_aRICS Building Surveying Journal _vJuly 2016 - August 2016, 21(1) |
||
| 520 | _aDiscusses alternative ways of resolving dilapidations disputes. | ||
| 650 | 2 | 4 | _aMANAGEMENT-DISPUTE AVOIDANCE, MANAGEMENT AND RESOLUTION-DISPUTE MANAGEMENT AND RESOLUTION-ALTERNATIVE DISPUTE RESOLUTION |
| 650 | 2 | 4 | _aDILAPIDATIONS DISPUTES |
| 650 | 2 | 4 | _aINDEPENDENT EXPERTS |
| 650 | 2 | 4 |
_aDispute resolution _96236 |
| 651 | 4 | _aENGLAND AND WALES | |
| 690 |
_aDilapidations _96235 |
||
| 856 | 4 | 0 |
_uhttps://www.rics.org/Global/BSJ%20BCJ%20July%20August%202016.pdf _zView the article free of charge at www.rics.org... |
| 856 | 4 | 0 |
_uhttps://www.rics.org/Global/BSJ%20BCJ%20July%20August%202016.pdf _yAvailable free online via Issuu |
| 942 |
_n0 _2ddc |
||
| 999 |
_c85122 _d85122 |
||